【プロ野球】2025年に新応援歌が制作された選手 - Statistics

General Stats
  • This quiz has been taken 113 times
    65 since last reset
  • The average score is 20 of 50
Answer Stats
Hint Answer % Correct
新たな扉を こじ開けて 世代はお前が担え ぶっちぎれ 小園海斗
61%
(前奏)オーオオオーオーオオーオーオー 〇〇打て 描き出す 理想(おもい)は久遠(はるか)高く 鍛えし腕(かいな)で 〇〇打て 清宮幸太郎
59%
紡ぐ想い背に いま理想の旅路(みち)を行く 強く光輝く 未来へ駆け上がれ 宗山塁
59%
要の矜持を胸に 放つ勝利の矢 目に焼きつけよう 〇〇を 甲斐拓也
57%
〇〇歩み続けろ〇〇俺たちと〇〇夢をのせて千葉を勝利へ 寺地隆成
57%
赤い稲妻を 轟かせ 広島揺るがすアーチ 華麗に描け 中村奨成
55%
軽やかに舞う姿 糸を引く Throwing ball 鉄壁の守り誇る漢 〇〇が征く力強い一振り 唸り上がる Hard hit 抜群の野球感8センス)を併せ持つ 【さぁ】〇〇が打つ 紅林弘太郎
55%
必ず掴む 栄光の瞬間(とき)を 歓喜待ちわびる 杜を背に挑め 茂木栄五郎
53%
走れグランドを全力で 夢追い人よ 冴え渡る華麗なその姿 煌めけ鮮やかに 田中幹也
51%
〇〇掻き回せ 掴んだチャンス物にしろ 越後の星よ 煌めけいつまでも 滝澤夏央
49%
伝説をこの場所で さぁ見せてくれ 拳上げ夢の続き 描けあの空へ 田中将大
47%
前奏:運命(さだめ)の一撃 歓喜の一打 (〇〇!)本編:さあ立ち上がれ今 スタンド舞い上がる 弾丸で切り裂く 歓喜の一打 渡部聖弥
45%
掴めチャンス決めろ勝負嵐を巻き起こせツバメの明日を担え輝け〇〇 伊藤琉偉
43%
歓声背に受け 熱い想い胸に秘め 攻守に輝き 勝利へ導け 海野隆司
43%
オー〇〇オー〇〇オオオ・・・オー〇〇オー〇〇オオオ・・・オオオ・・・オオ〇〇オオホームラン 山本大斗
43%
一振りで威名(いめい)が 轟(とどろ)き渡る 悠遠(ゆうえん)と続く 我が道を行け 安田悠馬
43%
​今この地で 歓声起こせよ ◯!◯!◯!◯! 今日も頼むぜ O.カリステ
43%
狙い研ぎ澄まし 殊勲の一打を 高らかに放て 〇〇の一振りで 正木智也
41%
みなぎるパワー込め 豪弾翔ばせ 我ら導く英雄 〇〇 石原彪
41%
覚悟を決めて振りぬけ 打球が風を切り裂き 夢運ぶ 打てよ勝利への一打 松尾汐恩
39%
颯爽と駆けろ 蒼く湧く横浜の さあ突き進め勝利への道 星をつかめ​ 梶原昂希
39%
戦う姿を 今日も魅せてくれ 広島に優勝(ゆめ)を 運べ〇〇 石原貴規
39%
勝利の旅路 切り拓く 麗しき司令塔 強敵を超えろ 松本直樹
39%
アニモ 〇〇 胸に宿る その魂を アニモ 〇〇 奮い立たせて 挑め R.ヘルナンデス
39%
狙い定めた一打 左右に弾き返せ 決めろ〇〇 歓声を浴びながら 泉口友汰
37%
放物線で導く 歓喜への道へと 征戦向かう自慢の 豊かなパワー 宇草孔基
37%
突き進め 我らを栄光(ひかり)へと 導く男の名は そう〇〇 田村俊介
37%
夢の力を信じて その心で 行くぜ〇〇 新たな境地へ 二俣翔一
37%
北の大地で挑み 夢見る歓喜の日へ 投打で輝きを放て 凛々しい姿で 山崎福也
37%
遠い異国の地で その名を轟かす 熱き血潮解き放ち 世界驚かせろGolpe(ゴルぺ)! Fuerte(フェルテ)! オーーーーー レオ!レオ!レオ! バモス バモス 〇〇 L.セデーニョ
37%
俺らと夢を 共に叶えよう 〇〇 Llevenos a la victoria S.ファビアン
37%
期待背負い今 シャープに放てよ〇〇 風を切り走れ 歓喜の輪の中へ 岩田幸宏
35%
飛び切りの夢へ 魂に身をまかせ 心射抜くそのプレイ 決めるぞ〇〇 矢澤宏太
35%
振り抜け鋭く 気合いを込めて 飛ばせ空高く 〇〇 中島大輔
35%
韋駄天のように 駆け抜ける勇姿 胸に秘めた想い 翔ける〇〇 山野辺翔
35%
狼煙上げてどこまでも 栄光目指し駆け抜けろ さあ!行こうぜ〇〇 風を吹き荒らせ 若林楽人
33%
凛々しき立ち姿 度胸魅せてくれ 流れ変える一振り 空へ虹架けろ 赤羽由紘
33%
ホームを守る男の 雄々しき姿 己の信じる道 征けよ〇〇 堀内謙伍
33%
栄光へ続く 架け橋を繋げ 敵を切り裂くスイング さあ叩き込め 山村崇嘉
33%
儚き夢追いこの地へ 導かれ 青の誇り胸に 空に花咲かせろ D.ビシエド
33%
熱き心滾らせ 燃ゆるハート見せつけろ 恐れ知らぬヒーロー 〇〇(オイ!)立ち向かえ E.ヘルナンデス
33%
今日もチームを 勝ちに導け 左腕に託す希望(のぞみ) 〇〇 井上温大
31%
〇〇 Let's Go オオオ... ラララ... Come on Homerun T.ネビン
31%
我らが待ち望む 勝利を手にする為 多彩な持ち球を 繰り出せ〇〇 上沢直之
29%
勝利を呼ぶその背中で 魅せろ獅子の意地を 〇〇 いざ解き放て 野村大樹
29%
誇らしきひと振りは 努力の証 揺るがぬ志で 今突き進め 三森大貴
27%
夢を賭けた マウンドで 〇〇よ 今見せてやれ 尾形崇斗
27%
ラララ~ 〇〇 君の出番だ(Let's go!!) オオオ~(オイ!) 掴めVictory J.ダウンズ
27%
この一打にかける 熱き男よ ここで敵を打ち砕き 勝利へと導け 増田珠
24%
気迫溢れる その球で 行(ゆ)けよ〇〇 ひたむきに 長谷川威展
22%
No matching quizzes found
Score Distribution
Percent of People with Each Score
Percentile by Number Answered
Your Score History
You have not taken this quiz since the last reset